| 000 | 00592nam a2200205 a 4500 | ||
|---|---|---|---|
| 001 | 000044840 | ||
| 003 | DO-SdBNP | ||
| 005 | 20260521073717.0 | ||
| 007 | ta | ||
| 008 | 150114s2014 dr 000 p spa d | ||
| 040 |
_aDO-SdBNP _bspa _cBNPHU |
||
| 082 | 4 | _222 | |
| 100 | 1 |
_aSang, Mu-Kien A. _d1955- _q(Mu-Kien Adriana) _9331 |
|
| 245 | 1 | 0 |
_aA mi Toli con todo mi amor, Mu-Kien / _cMu-Kien Sang Ben |
| 260 |
_aSanto Domingo : _bBúho, _c2014. |
||
| 300 |
_a40 p. ; _c19 cm. |
||
| 500 | _aEn nuestro 20 aniversario, bodas de porcelana | ||
| 590 | _aInventariado, 2023/BT | ||
| 942 |
_2ddc _cLF2 |
||
| 999 |
_c44329 _d44329 |
||